000 03404nam a2200241Ia 4500
003 Ost
005 20260416102401.0
008 260416s9999||||xx |||||||||||||| ||und||
040 _cfsecg
041 _aara
082 _a336.2
100 _aجمعي، محمد
_eمؤلف
245 0 _aالنظم الجبائية الدولية /
_c محمد جمعي
260 _aالجزائر
_bجامعة الجزائر3: كلية العلوم الإقتصادية، العلوم التجارية وعلوم التسيير
_c2024
300 _a101 ورقة
_bايضاحات
_c12 سم
504 _aالمراجع ص.98
520 _aتطرق النص لماهية القانون الجبائي الدولي، حيث يبدأ بتعريفه ثم يستعرض مبادئه. كما يوضح مصادر هذا القانون، التي تنقسم إلى مصادر داخلية تتعلق بالتشريع الداخلي، ومصادر خارجية تشمل القانون الجبائي الدولي وقانون الاتفاقيات ومصادر إضافية مثل العرف الدولي والفقه وأحكام المحاكم الدولية والوطنية. بعد ذلك، يناقش الحقوق والصلاحيات الجبائية الدولية، مع تفصيل السلطات والقواعد الجبائية العالمية والمحلية. يصل النص إلى تحديات قانون الضرائب الدولي كجزء من الموضوع العام ، وماهية المعاهدات الجبائية الدولية، أهدافها، مراحل إعدادها، شروط صحة المعاهدات الجبائية الدولية، وبعدها تطرق للتنافسية الضريبية الدولية، مفاهيم حول المنافسة الدولية، نشأة التنافسية الجبائية الدولية، أسبابها، أنواعها، آثارها الإيجابية والسلبية، سبل الحد من المنافسة الضريبية الدولية، التهرب والغش الضريبي الدولي، مفاهيم التهرب الضريبي الدولي، أشكاله وخصائصه، أسباب التهرب الضريبي الدولي، آلياته، آثاره، وسبل محاربة التهرب الضريبي من قبل الدول، الإزدواج الضريبي الدولي، مفهومه، خصائصه ، أنواعه، شروط وأركان تحقق الإزدواج الضريبي الدولي، أسبابه، آثاره، طرق ووسائل معالجة ومكافحة الإزدواج الضريبي، الجنات أو الملاذات الضريبية، مفهومها، خصائصها، أنواع الجنات الضريبية مركز مالي أوفشور، الآثار الإقتصادية للجنات الضريبية، التوزيع الجغرافي أو خريطة انتشار الملاذات الضريبية، التوافق أو التنسيق الضريبي، ماهيته، نطاقه، أساليبه، أهدافه، أنواعه، آليات التنسيق الضريبي، وآثار التنسيق الضريبي.
653 _aالإزدواج الضريبي
653 _aالجباية
653 _aالضرائب
710 _aجامعة الجزائر3: كلية العلوم الإقتصادية، العلوم التجارية وعلوم التسيير
_eناشر علمي
942 _cHANDOUT
999 _c41449
_d41449